1030 1253 1748 1213 1817 1505 1542 1028 1017 1610 1223 1867 1172 1845 1798 1231 1142 1828 1219 1647 1241 1266 1064 1816 1192 1240 1874 1520 1778 1265 1847 1403 1982 1880 1272 1237 1679 1296 1798 1825 1539 1406 1172 1458 1291 1525 1221 1127 1160 1404 1534 1947 1145 1956 1356 1934 1846 1306 1265 1968 1488 1695 1421 1912 1830 1013 1958 1577 1203 1045 1313 1453 1318 1176 1524 1140 1637 1722 1657 1639 1950 1850 1614 1009 1960 1376 1034 1430 1590 1937 1751 1126 1912 1445 1482 1054 1737 1338 1331 BCNSPRNW ULIB Ver.6.0+V

เปลี่ยนเป็นภาษาไทย

Change to English
 แสดงรายละเอียดบรรณานุกรม
  กลับหน้าหลัก

Brief Record : Get Marc (ISO 2709) : E-mail record : QR code < ปิดหน้าต่าง
LEADER : 00000nam 2200000uu 4500
001    13399110769
003     ULIB
008    110608s2551||||th 000 0 tha d
020    9789749751060
060  4 WS105.5.C3^bร145S 2551
100 0  บรรจบ ชุณหสวัสดิกุล
245 10 Superkidsผลิตไม่ยาก /^cลลิตา ธีระสิริเขียน
250    พิมพ์ครั้งที่ 1
260    กรุงเทพฯ :^bรวมทรรศน์,^c2551
300    176 หน้า :^bภาพประกอบ
650  7 จิตวิทยาเด็ก
650  7 เด็ก^xการดูแล
650  7 เด็กอ้วน
700 0  ลลิตา ธีระสิริ
945    ^p215^l0^i028455
945    ^p215^l0^i028454
945    ^p215^l0^i18660
995    ทศพร
999 ^a ใช้งานได้ทุกระบบ
รายการนี้ยังไม่มีแท็ก
คุณยังไม่ได้ล็อกอิน คุณสามารถมีกิจกรรมร่วมกับเว็บไซต์ได้ แต่ต้องล็อกอินก่อน ::
  ล็อกอิน

รายการสื่อสารสนเทศ

ลำดับที่ ประเภท เลขเรียก/บาร์โค้ด สถานที่ สถานะ
- ไม่พบข้อมูล -

รายการใกล้เคียง
    ผู้แต่ง [บรรจบ ชุณหสวัสดิกุล]

    หัวเรื่อง [จิตวิทยาเด็ก]
    หัวเรื่อง [เด็ก การดูแล]

BibComment


ยังไม่เคยถูกคอมเมนท์

คอมเมนท์ทรัพยากรรายการนี้
  คอมเมนท์: Superkidsผลิตไม่ย..


 Copyright 2026. Bcnsprnw @Library